000 00356nam a2200133Ia 4500
005 20251222141900.0
008 251222s9999||||xx |||||||||||||| ||spa||
020 _a84-7908-418-9
082 _a467/N28
100 _aNavarro Carrasco, Ana Isabel
245 0 _aComentario de Mapas Lingüísticos Españoles
264 _bUniversidad de Alicante
942 _cLIB
999 _c8022
_d8022